Combien y a-t-il de gares centrales aux Pays-Bas en 2024 - Statistiques

Statistiques générales
  • Ce quiz a été pris 8 fois
  • Le résultat moyen est 5 sur 8
Statistiques - réponses
Hint Réponse % Correct
Amsterdam
100%
R Rotterdam
100%
U Utrecht
88%
E Eindhoven
75%
L La Haye
75%
A Amersfoort
25%
Leyde
25%
Arnhem
13%
Aucun quiz correspondant
Distribution des résultats
% des personnes avec chaque résultat
Percentile par nombre de réponses
Votre historique - résultats
Vous n’avez pas pris ce quiz